000 00769nam a2200241Ia 4500
003 OSt
005 20220925202706.0
006 a|||||r|||| 00| 0
007 ta
008 220923b |||||||| |||| 00| 0 eng d
037 _cGeneral Book
040 _aRTL
_cRTL
_beng
041 _2eng
_aeng
082 _aX9(D6222): 513.2.N57 t, J7
110 _aINDIA, TARIFF (Commission)
245 0 _aReport on the continuance of protection to the cotton and nair belting industry bombay 1957
260 _aDelhi
_bThe manager of publications
_c1957
300 _a27p
_ccm.
500 _aApp.: 21-27p; PTC. 313(N)/465
700 _aINDIA, TARIFF (Commission)
942 _hX9(D6222): 513.2.N57 t, J7
_cGB
_2CC
999 _c543776
_d543776